banner-ar

فى حوار الحضارات الصقالبة فى جيش الدولة الاموية فى الاندلس : (Record no. 63311)

MARC details
000 -الفاتح
حقل البيانات ثابتة الطول 01166nam a22002417a 4500
005 - وقت وتاريخ اخر تعامل مع التسجيلة
رقم الضبط 20240530110634.0
008 - عناصر البيانات ثابتة الطول - معلومات عامة
حقل البيانات ثابتة الطول 170918s2014 ua f b 000 0 ara d
020 ## - الرقم الدولى المعيارى للكتب
الرقم الدولى المعيارى للكتاب 9789772122318
040 ## - مصدر الفهرسة
وكالة الفهرسة الأصلية EG-CaGPL
وكالة النسخ EG-CaGPL
082 04 - رقم تصنيف ديوى العشرى
رقم الطبعة 21
رقم التصنيف 953.711 /
رقم المادة ح ف
100 0# - المدخل الرئيسى - إسم شخصى
الإسم الشخصى حمادة فرج النجار
245 10 - بيان العنوان
العنوان فى حوار الحضارات الصقالبة فى جيش الدولة الاموية فى الاندلس :
بقية العنوان 138 / 422 هـ - 755 / 1031 م /
بيان المسئوليه,etc اعداد حمادة فرج النجار ؛ تقديم حسن يوسف دويدار ، محمد عبدالوهاب فضل
260 ## - PUBLICATION, DISTRIBUTION, ETC. (IMPRINT)
تاريخ النشر أو التوزيع 2014
300 ## - الوصف المادى
التعداد 242 ص. ؛
أبعاد الوعاء 24 سم.
504 ## - تبصرة ببليوجرافية
تبصرة ببليوجرافية,الخ يشتمل على ارجاعات ببليوجرافية
650 07 - المدخل الاضافى بالموضوع-مصطلح موضوعى
مصدر الرأس أو المصطلح qrmak
مصطلح موضوعي العالم العربى
التقسيم الفرعي العام تاريخ
التقسيم الفرعي الزمني العصر الاموى
650 07 - المدخل الاضافى بالموضوع-مصطلح موضوعى
مصدر الرأس أو المصطلح qrmak
مصطلح موضوعي الامويون فى الاندلس
651 07 - المدخل الاضافى بالموضوع - اسم جغرافى
مصدر الرأس أو المصطلح qrmak
الاسم الجغرافي الدولة الاموية
700 0# - المدخل الاضافى - اسم شخصى
الإسم الشخصى حسن يوسف دويدار
الدور مقدم
700 0# - المدخل الاضافى - اسم شخصى
الإسم الشخصى محمد عبدالوهاب فضل
الدور مقدم مشارك
942 ## - عناصر المدخل الإضافي( كوها)
مصدر التصنيف او مخطط الترفيف Dewey Decimal Classification
Koha [default] item type كتاب
260 ## - PUBLICATION, DISTRIBUTION, ETC. (IMPRINT)
-- الاسكندرية :
-- مؤسسة شباب الجامعة ،
Holdings
حالة التراجع حالة الفقد حالة تلف ليس للاعارة المكان المؤقت الموقع الحالى موقع الترفيف تاريخ الاكتساب اجمالي اﻻعارات رقم الطلب الباركود تاريخ اخر مشاهدة تاريخ تفعيل السعر نوع وعاء كوها
        مكتبة القاهرة الكبرى مكتبة القاهرة الكبرى القاعة الرئيسية 09/18/2017   953.711 / ح ف 163295 09/18/2017 09/18/2017 كتاب

Powered By

EGPV